<?xml version="1.0" encoding="UTF-8"?>
<record
    xmlns:xsi="http://www.w3.org/2001/XMLSchema-instance"
    xsi:schemaLocation="http://www.loc.gov/MARC21/slim http://www.loc.gov/standards/marcxml/schema/MARC21slim.xsd"
    xmlns="http://www.loc.gov/MARC21/slim">

  <leader>01478namaa22002651  4500</leader>
  <controlfield tag="001">173864</controlfield>
  <controlfield tag="003">ES-MaACL</controlfield>
  <controlfield tag="005">20250824090224.0</controlfield>
  <controlfield tag="007">t|</controlfield>
  <controlfield tag="008">100127s1858    sp     |r    |||| | spa d</controlfield>
  <datafield tag="040" ind1=" " ind2=" ">
    <subfield code="a">SpMaBN </subfield>
    <subfield code="b">spa </subfield>
    <subfield code="c">A2 </subfield>
    <subfield code="d">SpMaBN </subfield>
    <subfield code="e">rdc</subfield>
  </datafield>
  <datafield tag="080" ind1=" " ind2=" ">
    <subfield code="a">78.089.1</subfield>
  </datafield>
  <datafield tag="100" ind1="0" ind2=" ">
    <subfield code="a">Camprod&#xF3;n, Francisco.</subfield>
    <subfield code="9">34301</subfield>
  </datafield>
  <datafield tag="245" ind1="1" ind2="0">
    <subfield code="a">Por conquista </subfield>
    <subfield code="b">: zarzuela en un acto y en verso / </subfield>
    <subfield code="c">arreglada a la escena espa&#xF1;ola por Don Francisco Camprod&#xF3;n ; m&#xFA;sica del maestro Don Francisco Asenjo Barbieri.</subfield>
  </datafield>
  <datafield tag="260" ind1=" " ind2=" ">
    <subfield code="a">Madrid : </subfield>
    <subfield code="b">[s.n.], </subfield>
    <subfield code="c">1858 (</subfield>
    <subfield code="f">Imp. de Jos&#xE9; Rodr&#xED;guez)</subfield>
  </datafield>
  <datafield tag="300" ind1=" " ind2=" ">
    <subfield code="a">42 p., [1] h. ; </subfield>
    <subfield code="c">20 cm.</subfield>
  </datafield>
  <datafield tag="490" ind1="1" ind2=" ">
    <subfield code="a">El teatro : colecci&#xF3;n de obras dram&#xE1;ticas y l&#xED;ricas</subfield>
  </datafield>
  <datafield tag="500" ind1=" " ind2=" ">
    <subfield code="a">Ded.: "Al Exmo. Sr. D. Juan Zabala, conde de Paredes de Nava, teniente general de los Ej&#xE9;rcitos Nacionales, etc., etc..., F. Camprod&#xF3;n"</subfield>
  </datafield>
  <datafield tag="500" ind1=" " ind2=" ">
    <subfield code="a">En las p&#xE1;ginas 2-4 de la cubierta: "Cat&#xE1;logo de las obras dram&#xE1;ticas y l&#xED;ricas de la galer&#xED;a El teatro; Zarzuelas; puntos de venta y comisionados principales: provincias, Madrid"</subfield>
  </datafield>
  <datafield tag="500" ind1=" " ind2=" ">
    <subfield code="a">Solo la letra.</subfield>
  </datafield>
  <datafield tag="700" ind1="1" ind2=" ">
    <subfield code="a">Barbieri, Francisco A.,</subfield>
    <subfield code="d">1823-1894</subfield>
    <subfield code="9">25463</subfield>
  </datafield>
  <datafield tag="830" ind1="0" ind2="3">
    <subfield code="a">El teatro: colecci&#xF3;n de obras dram&#xE1;tica y l&#xED;ricas</subfield>
    <subfield code="9">221753</subfield>
  </datafield>
  <datafield tag="852" ind1=" " ind2=" ">
    <subfield code="a">ES-MaACL</subfield>
    <subfield code="j">F-8623(2) </subfield>
    <subfield code="z">.- Enc. pasta espa&#xF1;ola </subfield>
    <subfield code="q">.- Falto de la cub. original</subfield>
    <subfield code="z">.-  Enc. en un vol. facticio formando parte de la col. facticia "Teatro espa&#xF1;ol moderno", vol. 78 </subfield>
    <subfield code="z">.-- Firma ms. de Gustavo Saenz Diez, 1877</subfield>
  </datafield>
  <datafield tag="999" ind1=" " ind2=" ">
    <subfield code="c">173864</subfield>
    <subfield code="d">173864</subfield>
  </datafield>
  <datafield tag="952" ind1=" " ind2=" ">
    <subfield code="0">0</subfield>
    <subfield code="1">0</subfield>
    <subfield code="4">0</subfield>
    <subfield code="7">0</subfield>
    <subfield code="8">LIBXIX</subfield>
    <subfield code="a">ATENEOM</subfield>
    <subfield code="b">ATENEOM</subfield>
    <subfield code="c">SPP2</subfield>
    <subfield code="d">2010-01-27</subfield>
    <subfield code="e">SC</subfield>
    <subfield code="l">0</subfield>
    <subfield code="o">F-8623(2)</subfield>
    <subfield code="p">1182496</subfield>
    <subfield code="r">2023-02-23 00:00:00</subfield>
    <subfield code="w">2023-02-23</subfield>
    <subfield code="y">MONANT</subfield>
  </datafield>
</record>
